00169 a2200073 450000100060000010000130000624500430001926000330006218466 aMalik H aIqhal poet and philosopher of Pakistan abColumbia Universityc1971